000 01006nam a2200301Ia 4500
001 Para_8152
003 CHAP
008 220125s1910 xx 000 0 und d
010 _a207064
040 _cCHAP
082 _aPA-C 595.75 H4
100 _aSymons, T.B.
_9110918
245 _aSpraying fumigating and dipping for the control of San José Scale /
_c by T.B. Simons, C.M. Peairs and E.N. Cory
260 _aMaryland :
_b Agricultural Experiment Station
300 _a48-81 p.
440 _aHemiptera; 15
_9173479
500 _aEncuadernado con otros impresos similares
650 _a
_x Hemípteros
_x colecciones de escritos
_x Aspidiotus
_x Contros biológico de insectos
_9173512
700 _aPears, L.M., Cory, E.N.
_9173513
710 _aMaryland. Agr. Exp. Sta. Bulletin; 198
_9173514
901 _aPA-C 595.75 H4
902 _aA
905 _a0000001910 0000000000 00
910 _a1910
942 _cPARA
942 _cPARA
_d1
999 _c207064
_d207064